000 01045cab a2200277 4500
001 ABS53104
008 090401t1995 xxu||||| |||| 00| 0 eng d
035 _a(Sirsi) u2094
041 _aeng
245 4 _aThe Netherlands
260 _c1995
350 _a0
490 _aEuropean Property Newsletter
_v3(10) June 1995, 12-19(8)
520 _aA review of The Netherlands office market, examining the trends in office vacancy rates in Amsterdam and the impact of stable rents on The Netherlands in general. Focuses on the Hague, which because of its political significance, is attracting new office development, but warns against oversupply in Rotterdam.
650 _aAMSTERDAM
650 _aNETHERLANDS
650 _aPROPERTY-COMMERCIAL PROPERTY-OFFICE PROPERTY-OFFICE PROPERTY MARKET
650 _aOFFICE RENTS
650 _aROTTERDAM
650 _aTHE HAGUE
650 _aVACANCY RATES
690 _aPROPERTY-COMMERCIAL PROPERTY-COMMERCIAL PROPERTY MARKET
690 _aOVERSEAS-EUROPE
942 _n0
948 _c04/03/1997
999 _c1255
_d1255